| 000 | 00601nam a2200145Ia 4500 | ||
|---|---|---|---|
| 008 | 170221s9999 xx 000 0 und d | ||
| 100 | _aNina M. Stukalenko | ||
| 245 | _aManagement of the Psycho-Pedagogical Work on Prevention of Antisocial Behavior of Troubled Teenagers | ||
| 245 | _cNina M. Stukalenko, Madina B. Zhantemirova, Aizhanа B. Abibulayeva, Zhadyra K. Ermekova, Sadybek K. Beisenbayev | ||
| 260 | _bInternational Review of Management and Marketing | ||
| 260 | _c2016 | ||
| 300 | _a6 : 3S | ||
| 650 | _xMarketing. | ||
| 856 | _uhttp://www.econjournals.com/index.php/irmm/issue/view/75 | ||
| 999 |
_c308349 _d308349 |
||